Antarctica: Countries that have official claims in areas of Antarctica - Statistics

General Stats
  • This quiz has been taken 163 times
  • The average score is 6 of 7
Answer Stats
Hint Answer % Correct
Australia
94%
UK
89%
Argentina
87%
New Zealand
86%
Chile
85%
France
83%
Norway
73%
No matching quizzes found
Score Distribution
Percent of People with Each Score
Percentile by Number Answered
Your Score History
You have not taken this quiz